01318naa#a2200181#i#4500001001600000005001700016011001400033100004100047102000700088200017800095210053800273215001100811608004500822675014600867700005001013700005201063856002101115RU\\bibl\12172920260503160518.7##a1998-8990##a20260423b2026####ek#y0rusy0150####ca##aRU1#aАНАЛИЗ ОТКАЗОВ И ОЦЕНКА ПОЖАРНОЙ ОПАСНОСТИ СИНХРОННЫХ ЭЛЕКТРИЧЕСКИХ МАШИНeЖурнальная статья1#aСанкт-ПетербургcСанкт-Петербургский университет Государственной противопожарной службы Министерства Российской Федерации по делам гражданской обороны, чрезвычайным ситуациям и ликвидации последствий стихийных бедствий имени Героя Российской Федерации генерала армии Е.Н. Зиничеваd2026##a12 с.##aЖурнальная статья2local##aПожарная охрана. Опасность пожара. Пожары. 614.84aМашины переменного тока. 621.313.3#1aБашировgМусса Гумерович#1aДюльдинgНикита Денисович4#ajournals.igps.ru